Kulliyat-e-Jaan Nisar Akhtar / (Record no. 614294)

000 -LEADER
fixed length control field 00599nam a22001697a 4500
082 ## - DEWEY DECIMAL CLASSIFICATION NUMBER
Classification number 891.4391
Author Mark AKH
100 ## - MAIN ENTRY--PERSONAL NAME
Personal name Jaan Nisar Akhtar
245 ## - TITLE STATEMENT
Title Kulliyat-e-Jaan Nisar Akhtar /
260 ## - PUBLICATION, DISTRIBUTION, ETC.
Place of publication, distribution, etc. Lahore:
Name of publisher, distributor, etc. Al Hamd Publications,
Date of publication, distribution, etc. 2020.
300 ## - PHYSICAL DESCRIPTION
Extent 461 p.
Dimensions 22cm,
563 ## - BINDING INFORMATION
Binding note HB.
650 ## - SUBJECT ADDED ENTRY--TOPICAL TERM
Topical term or geographic name entry element Poetry - Urdu Literature.
880 ## - ALTERNATE GRAPHIC REPRESENTATION
Linkage 100-01\(3\r
Title سید جان نثار حسین رضوی (تخلص: اخترؔ)،
880 ## - ALTERNATE GRAPHIC REPRESENTATION
Linkage 245-02\(03\r
Title /کلیاتِ جان نثار اختر
880 ## - ALTERNATE GRAPHIC REPRESENTATION
Linkage 260-03\(03\r
Title الحمد پبلی کیشنز، لاہور
c 2020
942 ## - ADDED ENTRY ELEMENTS (KOHA)
Source of classification or shelving scheme
Koha item type Book
650 ## - SUBJECT ADDED ENTRY--TOPICAL TERM
-- 129745
Holdings
Withdrawn status Lost status Source of classification or shelving scheme Damaged status Not for loan Permanent Location Current Location Shelving location Date acquired Total Checkouts Full call number Barcode Date last seen Price effective from Koha item type
          Central Library (CL) Central Library (CL) Urdu Literature 07/12/2025   891.4391 AKH CL-D-2911 07/12/2025 07/12/2025 Book
© 2023 Central Library, National University of Sciences and Technology. All Rights Reserved.